[Event "CFriend AP-2005-Q-00009 email"]
[Site "Chessfriend.com"]
[Date "2005.04.15"]
[Round "1"]
[White "Berthold, Andreas"]
[Black "Hasek, Frantisek"]
[Result "1-0"]
[WhiteElo "2115"]
[BlackElo "1571"]
[PlyCount "23"]
[EventDate "2005.??.??"]
[EventType "tourn (corr)"]
[EventRounds "12"]
[SourceTitle "Corr 2024"]
[Source "ChessBase"]
[SourceDate "2023.10.19"]
[SourceVersion "1"]
[SourceVersionDate "2023.10.19"]
[SourceQuality "1"]

1. Nf3 Nf6 2. d4 g6 3. c4 Bg7 4. Nc3 d5 5. Qb3 dxc4 6. Qxc4 0-0 7. e4 a6 8. e5 b5 9. Qb3 Nfd7 10. Be3 c5 11. e6 c4 12. exf7+ 1-0

[Event "CFriend AP-2005-Q-00005 email"]
[Site "Chessfriend.com"]
[Date "2005.02.20"]
[Round "1"]
[White "Degterev, Pavel"]
[Black "Hasek, Frantisek"]
[Result "1-0"]
[WhiteElo "1686"]
[BlackElo "1571"]
[PlyCount "35"]
[EventDate "2005.??.??"]
[EventType "tourn (corr)"]
[EventRounds "12"]
[SourceTitle "Corr 2024"]
[Source "ChessBase"]
[SourceDate "2023.10.19"]
[SourceVersion "1"]
[SourceVersionDate "2023.10.19"]
[SourceQuality "1"]

1. b4 e5 2. Bb2 f6 3. a3 d5 4. d4 e4 5. e3 f5 6. c4 Nf6 7. Nc3 c6 8. Rc1 Be6 9. c5 Ng4 10. Nge2 Qh4 11. g3 Qh6 12. h3 Nf6 13. Nf4 Bf7 14. b5 Be7 15. Qb3 Nbd7 16. Qa4 Nh5 17. Ng2 g5 18. Rb1 1-0

[Event "CFriend AP-2005-Q-00005 email"]
[Site "Chessfriend.com"]
[Date "2005.02.20"]
[Round "1"]
[White "Hasek, Frantisek"]
[Black "Burkov, Natacha Michelle"]
[Result "1-0"]
[WhiteElo "1571"]
[BlackElo "1846"]
[PlyCount "27"]
[EventDate "2005.??.??"]
[EventType "tourn (corr)"]
[EventRounds "12"]
[SourceTitle "Corr 2024"]
[Source "ChessBase"]
[SourceDate "2023.10.19"]
[SourceVersion "1"]
[SourceVersionDate "2023.10.19"]
[SourceQuality "1"]

1. e4 c5 2. Nf3 d6 3. d4 cxd4 4. Nxd4 Nf6 5. Nc3 Nc6 6. Bg5 e6 7. Qd2 Be7 8. 0-0-0 0-0 9. f4 Nxd4 10. Qxd4 Qa5 11. Bc4 Bd7 12. e5 dxe5 13. fxe5 Bc6 14. Bd2 1-0

[Event "CFriend AP-2005-Q-00005 email"]
[Site "Chessfriend.com"]
[Date "2005.02.20"]
[Round "1"]
[White "Hasek, Frantisek"]
[Black "Cherner, Lyle"]
[Result "0-1"]
[WhiteElo "1571"]
[BlackElo "1577"]
[PlyCount "30"]
[EventDate "2005.??.??"]
[EventType "tourn (corr)"]
[EventRounds "12"]
[SourceTitle "Corr 2024"]
[Source "ChessBase"]
[SourceDate "2023.10.19"]
[SourceVersion "1"]
[SourceVersionDate "2023.10.19"]
[SourceQuality "1"]

1. e4 c5 2. Nc3 Nc6 3. Nf3 g6 4. Bc4 Bg7 5. 0-0 d6 6. d3 Nf6 7. h3 0-0 8. Be3 a6 9. a4 Rb8 10. Qd2 Nb4 11. a5 Nc6 12. Nd5 Nd7 13. Bh6 Nb4 14. Nxb4 Bxh6 15. Qxh6 cxb4 0-1

[Event "CFriend AP-2005-Q-00005 email"]
[Site "Chessfriend.com"]
[Date "2005.02.20"]
[Round "1"]
[White "Nenciulescu, Silviu"]
[Black "Hasek, Frantisek"]
[Result "1-0"]
[WhiteElo "2056"]
[BlackElo "1571"]
[PlyCount "31"]
[EventDate "2005.??.??"]
[EventType "tourn (corr)"]
[EventRounds "12"]
[SourceTitle "Corr 2024"]
[Source "ChessBase"]
[SourceDate "2023.10.19"]
[SourceVersion "1"]
[SourceVersionDate "2023.10.19"]
[SourceQuality "1"]

1. d4 Nf6 2. c4 g6 3. Nc3 Bg7 4. e4 d6 5. h3 0-0 6. Bg5 Nbd7 7. Nf3 e5 8. d5 h6 9. Be3 Nc5 10. Nd2 a5 11. a3 Nh5 12. g3 Bd7 13. Be2 Nf6 14. b4 Na6 15. Qb1 c6 16. g4 1-0

[Event "CFriend ETC-S-04 email"]
[Site "Chessfriend.com"]
[Date "2004.12.16"]
[Round "1"]
[White "Hasek, Frantisek"]
[Black "Nikel, Bogdan"]
[Result "0-1"]
[WhiteElo "1571"]
[BlackElo "2289"]
[PlyCount "36"]
[EventDate "2004.??.??"]
[EventType "tourn (corr)"]
[EventRounds "8"]
[SourceTitle "Corr 2024"]
[Source "ChessBase"]
[SourceDate "2023.10.19"]
[SourceVersion "1"]
[SourceVersionDate "2023.10.19"]
[SourceQuality "1"]

1. d4 d5 2. c4 c6 3. Nf3 Nf6 4. Nc3 a6 5. e3 b5 6. b3 Bg4 7. Be2 Nbd7 8. 0-0 e6 9. h3 Bf5 10. a3 Ne4 11. Nxe4 Bxe4 12. Bd3 Bd6 13. Bxe4 dxe4 14. Nd2 f5 15. Qh5+ g6 16. Qe2 Nf6 17. a4 b4 18. f4 Bc7 0-1

[Event "CFriend ETC-S-04 email"]
[Site "Chessfriend.com"]
[Date "2004.12.16"]
[Round "1"]
[White "Malmstrom, Jan"]
[Black "Hasek, Frantisek"]
[Result "1-0"]
[WhiteElo "1915"]
[BlackElo "1571"]
[PlyCount "55"]
[EventDate "2004.??.??"]
[EventType "tourn (corr)"]
[EventRounds "8"]
[SourceTitle "Corr 2024"]
[Source "ChessBase"]
[SourceDate "2023.10.19"]
[SourceVersion "1"]
[SourceVersionDate "2023.10.19"]
[SourceQuality "1"]

1. e4 c5 2. Nf3 Nc6 3. d4 cxd4 4. Nxd4 Nf6 5. Nc3 g6 6. Be3 Bg7 7. f3 d6 8. Qd2 0-0 9. Bc4 Bd7 10. 0-0-0 Ne5 11. Bb3 Rc8 12. g4 Nc4 13. Bxc4 Rxc4 14. h4 Qa5 15. Kb1 Rfc8 16. h5 Rxc3 17. bxc3 Bxg4 18. Nb3 Qa3 19. e5 Bxf3 20. exf6 Bxf6 21. hxg6 hxg6 22. Qh2 Bxd1 23. Qh7+ Kf8 24. Rxd1 Rxc3 25. Bd4 Bxd4 26. Rxd4 e5 27. Re4 Rf3 28. Qh1 1-0

[Event "CFriend ETC-S-04 email"]
[Site "Chessfriend.com"]
[Date "2004.12.16"]
[Round "1"]
[White "Silva, Avelino"]
[Black "Hasek, Frantisek"]
[Result "0-1"]
[WhiteElo "1935"]
[BlackElo "1571"]
[PlyCount "28"]
[EventDate "2004.??.??"]
[EventType "tourn (corr)"]
[EventRounds "8"]
[SourceTitle "Corr 2024"]
[Source "ChessBase"]
[SourceDate "2023.10.19"]
[SourceVersion "1"]
[SourceVersionDate "2023.10.19"]
[SourceQuality "1"]

1. e4 c5 2. Nf3 Nc6 3. Bb5 g6 4. 0-0 Bg7 5. c3 Nf6 6. Re1 0-0 7. d4 cxd4 8. cxd4 d5 9. e5 Ne4 10. Nc3 Nxc3 11. bxc3 Bd7 12. Bd3 Rc8 13. Ng5 h6 14. Nf3 Na5 0-1

[Event "CFriend ETC-S-04 email"]
[Site "Chessfriend.com"]
[Date "2004.12.16"]
[Round "1"]
[White "Woelfelschneider, Peter"]
[Black "Hasek, Frantisek"]
[Result "1-0"]
[WhiteElo "2047"]
[BlackElo "1571"]
[PlyCount "67"]
[EventDate "2004.??.??"]
[EventType "tourn (corr)"]
[EventRounds "8"]
[SourceTitle "Corr 2024"]
[Source "ChessBase"]
[SourceDate "2023.10.19"]
[SourceVersion "1"]
[SourceVersionDate "2023.10.19"]
[SourceQuality "1"]

1. e4 e6 2. d4 d5 3. Nd2 Nf6 4. e5 Nfd7 5. Ngf3 c5 6. c4 Nc6 7. cxd5 exd5 8. Bd3 Be7 9. 0-0 c4 10. Be2 f6 11. b3 c3 12. Nb1 fxe5 13. Nxc3 e4 14. Ne5 Ndxe5 15. dxe5 Be6 16. Bg4 Bb4 17. Bxe6 Bxc3 18. Rb1 Qe7 19. Bxd5 Qxe5 20. Ba3 Rd8 21. Bxc6+ bxc6 22. Qe2 Kf7 23. Qc4+ Rd5 24. Bc5 Bd4 25. Bxd4 Qxd4 26. Qxc6 Re8 27. Rbc1 Kf8 28. Rc4 Qd2 29. Rc2 Qg5 30. Re2 Qh5 31. Qc4 Qf5 32. Re3 Rd3 33. f3 Rxe3 34. fxe4 1-0